000
00294nam a22001337a 4500
008
170615b xxu||||| |||| 00| 0 eng d
020
_a
9780415903066
041
_a
eng
080
_a
34
100
_a
15
101
_a
SHJ
245
_a
AT THE BOUNDARIES OF LAW
_c
FINEMAN,M.A
942
_2
udc
_c
BK
999
_c
17518
_d
17518